桃太郎電鉄 ~昭和 平成 令和も定番!〜 全カード - Statistics

General Stats
  • This quiz has been taken 31 times
  • The average score is 56 of 104
Answer Stats
Answer % Correct
急行カード
100%
特急カード
100%
リニアカード
100%
新幹線カード
95%
のぞみカード
95%
急行周遊カード
95%
特急周遊カード
95%
新幹線周遊カード
90%
のぞみ周遊カード
90%
リニア周遊カード
90%
ぶっとびカード
90%
物件飛びカード
90%
うんちカード
90%
ぶっとび周遊カード
86%
デビルカード
86%
物件飛び周遊カード
81%
イエローカード
81%
エンジェルカード
81%
キングデビルカード
81%
あっちいけカード
76%
徳政令カード
76%
パトカード
76%
リトルデビルカード
76%
スペシャルカード
71%
刀狩りカード
71%
豪速球カード
71%
銀河鉄道カード
71%
ロイヤルEXカード
71%
オナラカード
67%
絶好調カード
67%
ダビングカード
67%
北へ!カード
62%
ゴールドカード
62%
牛歩カード
62%
キングに!カード
62%
とりかえしカード
62%
時限爆弾カード
62%
⭐︎飛びカード
57%
強奪飛びカード
57%
強奪飛び周遊カード
57%
シルバーカード
57%
乗っ取りカード
57%
バキュームカード
57%
スリの銀次カード
57%
猪突猛進カード
52%
⭐︎飛び周遊カード
52%
千載一遇カード
52%
指定うんち!カード
52%
テレポートカード
52%
冬眠カード
52%
ぴったりカード
52%
坊主丸儲けカード
52%
…に行け!カード
52%
128カード
52%
足踏みカード
48%
屯田兵カード
48%
サミットカード
48%
たいらのまさカード
48%
最果てカード
48%
ベビキュラーカード
48%
ブックマークカード
48%
へっちゃらカード
48%
カードバンクカード
48%
10億円カード
48%
スペシャルズカード
43%
一等地を抜くカード
43%
虎につばさカード
43%
シュレッダーカード
43%
お殿様カード
43%
お役ごめんカード
43%
乗っ取り放題カード
38%
うんち突入カード
38%
うんちの壁カード
38%
とっかえっこカード
38%
絶不調カード
38%
一攫千金カード
38%
6大都市カード
38%
絶好調くずしカード
33%
おはらいカード
33%
目的地変更カード
33%
君がすべて!カード
33%
最下位カード
33%
引換券カード
33%
最寄りの駅でカード
33%
福袋カード
33%
里帰りカード
29%
シンデレラカード
29%
ばちあたりカード
29%
もれちゃうぞカード
29%
孤軍奮闘カード
29%
持ち金ゼロカード
29%
地方へ!カード
24%
地方へ!周遊カード
24%
場所がえカード
24%
ふういんカード
24%
連帯保証人カード
24%
いただきますカード
24%
1が出るまでカード
24%
武器よさらばカード
19%
オール6カード
19%
買ってきますカード
14%
周遊禁止カード
14%
デビル派遣カード
14%
期間延長カード
10%
No matching quizzes found
Score Distribution
Percent of People with Each Score
Percentile by Number Answered
Your Score History
You have not taken this quiz